000 00879nam a22002777a 4500
001 8277209
003 LIBRIS
005 20210426102818.0
008 020113s2001 xxk 001 0 eng
020 _a0195141717
040 _aBNB
_cDLC
_deng
041 _aeng
080 _a51
_bC-30
100 1 _aCasti, John L.
_0180578
245 0 0 _aMathematical mountaintops :
_bthe five most famous problems of all time /
_c/ by: Oxford University Press
260 _aOxford :
_bOxford University Press,
_c2001
300 _a177 p., Index 9 p. 4] p. of plates :
_bill. (some col.) ;
_c24 cm
365 _b25 usd
504 _aBibliography: p.169-177
504 _aIncludes index
650 7 _aMathematics
_vProblems, exercises, etc.
_2BNB
653 _aმათემატიკა
942 _2udc
_cBK
999 _c904
_d904